New perspectives on financing small business in developing countries

Saved in:
Bibliographic Details
Other Authors: Brugger, Ernst A., Rajapatirana, Sarath
Format: Book
Language:English
Published: [S.l.] International Center for Economic Growth and FUNDES 1995
Subjects:
Tags: Add Tag
No Tags, Be the first to tag this record!

MARC

LEADER 00000nam a2200000 4500
001 c142878
005 20221123112607.5
020 |a 1-55815-341-1 
041 0 |a eng 
044 |a US 
245 1 0 |a New perspectives on financing small business in developing countries  |c Edited by Ernst A. Brugger, Sarath Rajapatirana 
264 1 |a [S.l.]  |b International Center for Economic Growth and FUNDES  |c 1995 
300 |a 194 s. 
610 2 0 |a podnikanie malé 
610 2 0 |a financovanie 
610 2 0 |a krajiny rozvojové 
610 2 0 |a financie 
610 2 0 |a služby bankové 
610 2 0 |a pôžičky 
610 2 0 |a úspory 
610 2 0 |a Bolívia 
610 2 0 |a Čile 
610 2 0 |a Kolumbia 
610 2 0 |a Peru 
610 2 0 |a Indonézia 
700 1 |a Brugger, Ernst A. 
700 1 |a Rajapatirana, Sarath